Anagrammes - Vocabulaire - Série 18 - Statistiques

Statistiques générales
  • Ce quiz a été pris 82 fois
  • Le résultat moyen est 9 sur 13
Statistiques - réponses
Indice Anagramme Mot % Correct
souverain STAR tsar
94%
rapée SUEE usee
88%
aventurier RADOUBEUR baroudeur
85%
nature TETA etat
85%
déchet RUEE uree
83%
fourrure RAVI vair
79%
infini ENTERITE eternite
71%
accident CHARS crash
70%
renverse ATELE etale
67%
piège TRES rets
67%
tables LESTA etals
52%
corps RESTE ester
38%
décorer OVIPARES pavoiser
33%
Aucun quiz correspondant
Distribution des résultats
% des personnes avec chaque résultat
Percentile par nombre de réponses
Votre historique - résultats
Vous n’avez pas pris ce quiz